|
|
|
|
| LEADER |
00824nab a2200241 i 4500 |
| 001 |
misc68182 |
| 005 |
20230215154011.0 |
| 008 |
220407s1988 hu o 0|| eng d |
| 040 |
|
|
|a SZTE Miscellanea Repozitórium
|b hun
|
| 041 |
|
|
|a eng
|
| 041 |
|
|
|a ger
|
| 041 |
|
|
|a tut
|
| 100 |
1 |
|
|a Halén Harry
|
| 245 |
1 |
0 |
|a Addenda to the Handbook of oriental collections in Finland
|h [elektronikus dokumentum] :
|b Turcica, Arabica, Persica and Caucasica /
|c Halén Harry
|
| 260 |
|
|
|a Finnish Oriental Society
|b Helsinki
|c 1988
|
| 300 |
|
|
|a 327-351
|c 25 cm
|
| 490 |
0 |
|
|a Studia Orientalia
|v 64
|
| 561 |
|
|
|a Németh Gyula hagyaték
|
| 591 |
|
|
|a OA 2193
|
| 650 |
|
4 |
|a Bölcsészettudományok
|
| 650 |
|
4 |
|a Nyelvek és irodalom
|
| 695 |
|
|
|a Keletkutatás
|
| 856 |
4 |
0 |
|u http://misc.bibl.u-szeged.hu/68182/1/2193_oa_h21.pdf
|z Dokumentum-elérés
|